[Event "Salento op 3rd"]
[Site "Gallipoli"]
[Date "2014.05.23"]
[Round "8"]
[White "Inguscio, Giorgio"]
[Black "Bernabei, Alberto"]
[Result "1-0"]
[WhiteElo "1957"]
[BlackElo "1932"]
[PlyCount "37"]
[EventDate "2014.05.17"]
[EventType "swiss"]
[EventRounds "9"]
[EventCountry "ITA"]
[SourceTitle "CBM 160 Extra"]
[Source "ChessBase"]
[SourceDate "2014.07.01"]
[SourceVersion "1"]
[SourceVersionDate "2014.07.01"]
[SourceQuality "1"]

1. d4 d5 2. c4 e6 3. cxd5 exd5 4. Nc3 c6 5. Qc2 g6 6. Bf4 Bf5 7. Qb3 Qb6 8. Qxb6 axb6 9. Nf3 Nd7 10. h3 h5 11. g3 0-0-0 12. Bg2 Bg7 13. Rc1 Ne7 14. Nb5 Nb8 15. Nd6+ Rxd6 16. Bxd6 Kd7 17. Bf4 Be4 18. e3 f6 19. 0-0 1-0

[Event "Salento op 3rd"]
[Site "Gallipoli"]
[Date "2014.05.22"]
[Round "7"]
[White "Richardt, Mike"]
[Black "Inguscio, Giorgio"]
[Result "1-0"]
[WhiteElo "1974"]
[BlackElo "1957"]
[PlyCount "47"]
[EventDate "2014.05.17"]
[EventType "swiss"]
[EventRounds "9"]
[EventCountry "ITA"]
[SourceTitle "CBM 160 Extra"]
[Source "ChessBase"]
[SourceDate "2014.07.01"]
[SourceVersion "1"]
[SourceVersionDate "2014.07.01"]
[SourceQuality "1"]

1. d4 b6 2. e4 Bb7 3. Bd3 Nf6 4. Qe2 Nc6 5. Nf3 Nb4 6. 0-0 Nxd3 7. cxd3 e6 8. Nc3 Be7 9. Be3 0-0 10. Nd2 c5 11. f4 h5 12. h3 g6 13. dxc5 bxc5 14. f5 exf5 15. exf5 d5 16. Bh6 Re8 17. fxg6 fxg6 18. Qe6+ Kh7 19. Bf4 Rf8 20. Rae1 Ng8 21. Be5 Qb6 22. Rf7+ Rxf7 23. Qxf7+ Kh6 24. Bg7+ 1-0

[Event "Salento op 3rd"]
[Site "Gallipoli"]
[Date "2014.05.20"]
[Round "5"]
[White "Ledger, Andrew"]
[Black "Inguscio, Giorgio"]
[Result "1-0"]
[WhiteElo "2392"]
[BlackElo "1957"]
[PlyCount "31"]
[EventDate "2014.05.17"]
[EventType "swiss"]
[EventRounds "9"]
[EventCountry "ITA"]
[SourceTitle "CBM 160 Extra"]
[Source "ChessBase"]
[SourceDate "2014.07.01"]
[SourceVersion "1"]
[SourceVersionDate "2014.07.01"]
[SourceQuality "1"]

1. d4 b6 2. e4 Bb7 3. Bd3 Nf6 4. Nc3 e6 5. Nge2 c5 6. d5 exd5 7. exd5 d6 8. 0-0 Be7 9. Ng3 g6 10. Bh6 Nbd7 11. Re1 a6 12. Nce4 Nxe4 13. Nxe4 Qc7 14. Bg7 0-0-0 15. Bxh8 Rxh8 16. Qe2 1-0

[Event "Salento op 3rd"]
[Site "Gallipoli"]
[Date "2014.05.18"]
[Round "2"]
[White "Inguscio, Giorgio"]
[Black "Rudolf, Anna"]
[Result "0-1"]
[WhiteElo "1957"]
[BlackElo "2292"]
[PlyCount "62"]
[EventDate "2014.05.17"]
[EventType "swiss"]
[EventRounds "9"]
[EventCountry "ITA"]
[SourceTitle "CBM 160 Extra"]
[Source "ChessBase"]
[SourceDate "2014.07.01"]
[SourceVersion "1"]
[SourceVersionDate "2014.07.01"]
[SourceQuality "1"]

1. d4 d5 2. c4 e6 3. cxd5 exd5 4. Nc3 c6 5. Qc2 g6 6. e3 Bf5 7. Bd3 Bxd3 8. Qxd3 Bg7 9. b3 Ne7 10. Ba3 0-0 11. Nf3 Nd7 12. Rc1 Re8 13. 0-0 Nf5 14. Rc2 Qf6 15. Nd2 h5 16. Na4 h4 17. Bb2 h3 18. g3 Qg5 19. Nc5 Nxc5 20. dxc5 Bxb2 21. Rxb2 Qg4 22. b4 Rad8 23. b5 Nh4 24. f3 Qg5 25. Kf2 Ng2 26. f4 Qg4 27. Nf3 Rxe3 28. Ne5 Qe6 29. Qd4 Re4 30. Qd3 Qf5 31. Kg1 Rxe5 0-1